Дипломирование и стажировки в университетах Швейцарии!; Томский политехник; Вып. 1

Bibliographic Details
Parent link:Томский политехник: ежегодный журнал/ Томский политехнический университет (ТПУ), Ассоциация выпускников.— , 1995-
Вып. 1.— 1995.— [С. 46]
Summary:Заглавие с титульного листа
Электронная версия печатной публикации
Language:Russian
Published: 1995
Series:Международное сотрудничество ТПУ
Subjects:
Online Access:Черно-белая версия для предварительного просмотра
Цветная версия без потери качества
Format: Electronic Book Chapter
KOHA link:https://koha.lib.tpu.ru/cgi-bin/koha/opac-detail.pl?biblionumber=187571

MARC

LEADER 00000nla2a2200000 4500
001 187571
005 20231031174028.0
035 |a (RuTPU)RU\TPU\book\203531 
035 |a RU\TPU\book\203508 
090 |a 187571 
100 |a 20101118d1995 km y0rusy50 ca 
101 0 |a rus 
102 |a RU 
135 |a drnn ---uucaa 
181 0 |a i  
182 0 |a b 
200 1 |a Дипломирование и стажировки в университетах Швейцарии!  |b Электронный ресурс 
203 |a Текст  |c электронный 
215 |a 2 файла (256 Кб, 3.1 Мб) 
225 1 |a Международное сотрудничество ТПУ 
230 |a Электронные текстовые данные (2 файла : 256 Кб, 3.1 Мб) 
300 |a Заглавие с титульного листа 
300 |a Электронная версия печатной публикации 
337 |a Adobe Reader 
461 1 |0 (RuTPU)RU\TPU\book\202435  |t Томский политехник  |o ежегодный журнал  |f Томский политехнический университет (ТПУ), Ассоциация выпускников  |d 1995- 
463 0 |0 (RuTPU)RU\TPU\book\202441  |t Вып. 1  |v [С. 46]  |d 1995  |p 60 с. 
610 1 |a высшие технические школы 
610 1 |a университеты 
610 1 |a международное сотрудничество 
610 1 |a Швейцария 
610 1 |a командировки 
610 1 |a электронный ресурс 
801 1 |a RU  |b 63413507  |c 20101101 
801 2 |a RU  |b 63413507  |c 20101216  |g RCR 
856 4 |u http://www.lib.tpu.ru/fulltext/v/Tomsk_polytechnic/1995/N1a31_bw.pdf  |z Черно-белая версия для предварительного просмотра 
856 4 |u http://www.lib.tpu.ru/fulltext/v/Tomsk_polytechnic/1995/N1a31_full.pdf  |z Цветная версия без потери качества 
942 |c CF